THE ALL ENGLAND LAW REPORTS 2016, VOLUME 4 (Record no. 216267)
[ view plain ]
| 000 -LEADER | |
|---|---|
| fixed length control field | 00358nam a22001337a 4500 |
| 008 - FIXED-LENGTH DATA ELEMENTS--GENERAL INFORMATION | |
| fixed length control field | 251124b |||||||| |||| 00| 0 eng d |
| 020 ## - INTERNATIONAL STANDARD BOOK NUMBER | |
| International Standard Book Number | 978-1-4743-0114-5 |
| 100 ## - MAIN ENTRY--PERSONAL NAME | |
| Personal name | HERRING, WENDY |
| 245 ## - TITLE STATEMENT | |
| Title | THE ALL ENGLAND LAW REPORTS 2016, VOLUME 4 |
| 260 ## - PUBLICATION, DISTRIBUTION, ETC. | |
| Place of publication, distribution, etc. | LONDON |
| Name of publisher, distributor, etc. | LEXISNEXIS |
| Date of publication, distribution, etc. | 2016 |
| 300 ## - PHYSICAL DESCRIPTION | |
| Extent | XXII, 1098P. |
| 942 ## - ADDED ENTRY ELEMENTS (KOHA) | |
| Source of classification or shelving scheme | Library of Congress Classification |
| Koha item type | Reference |
| Withdrawn status | Lost status | Source of classification or shelving scheme | Damaged status | Not for loan | Collection | Home library | Current library | Date acquired | Inventory number | Total checkouts | Full call number | Barcode | Date last seen | Copy number | Price effective from | Koha item type |
|---|---|---|---|---|---|---|---|---|---|---|---|---|---|---|---|---|
| Library of Congress Classification | Reference | Kisii University Library | Kisii University Library | 11/24/2025 | 110066 | REF KD 288 .A45 2016 V.4 | 000000002977 | 11/24/2025 | 4 | 11/24/2025 | Reference | |||||
| Library of Congress Classification | Reference | Kisii University Library | Kisii University Library | 11/24/2025 | 110065 | REF KD 288 .A45 2016 V.4 | 000000002898 | 11/24/2025 | 3 | 11/24/2025 | Reference | |||||
| Library of Congress Classification | Reference | Kisii University Library | Kisii University Library | 11/24/2025 | 110064 | REF KD 288 .A45 2016 V.4 | 000000002978 | 11/24/2025 | 2 | 11/24/2025 | Reference | |||||
| Library of Congress Classification | Reference | Kisii University Library | Kisii University Library | 11/24/2025 | 110063 | REF KD 288 .A45 2016 V.4 | 000000002979 | 11/24/2025 | 1 | 11/24/2025 | Reference |